Guidance on negotiating options and leases for renewable energy schemes (Record no. 112671)
[ view plain ]
| 000 -LEADER | |
|---|---|
| fixed length control field | 01358cad a22002535a 4500 |
| 001 - CONTROL NUMBER | |
| control field | L153723 |
| 008 - FIXED-LENGTH DATA ELEMENTS--GENERAL INFORMATION | |
| fixed length control field | 110822s2011 xxk f 000 0 eng d |
| 020 ## - INTERNATIONAL STANDARD BOOK NUMBER | |
| International Standard Book Number | 9781842196953 |
| 035 ## - SYSTEM CONTROL NUMBER | |
| System control number | (Sirsi) u153723 |
| 041 0# - LANGUAGE CODE | |
| Language code of text/sound track or separate title | eng |
| 050 04 - LIBRARY OF CONGRESS CALL NUMBER | |
| Classification number | 333.72 $2 20 |
| 110 2# - MAIN ENTRY--CORPORATE NAME | |
| Corporate name or jurisdiction name as entry element | Royal Institution of Chartered Surveyors |
| 9 (RLIN) | 4900 |
| 245 00 - TITLE STATEMENT | |
| Title | Guidance on negotiating options and leases for renewable energy schemes |
| Medium | [electronic resource] |
| 250 ## - EDITION STATEMENT | |
| Edition statement | 1st ed |
| 260 ## - PUBLICATION, DISTRIBUTION, ETC. | |
| Place of publication, distribution, etc. | Coventry |
| Name of publisher, distributor, etc. | RICS |
| Date of publication, distribution, etc. | 2011 |
| 490 #0 - SERIES STATEMENT | |
| Series statement | RICS Guidance Note |
| Volume/sequential designation | (GN 82/2011) |
| 520 ## - SUMMARY, ETC. | |
| Summary, etc. | This guidance note is intended for use within the UK and is essential reading for all RICS members who are asked to advise in relation to renewable energy schemes. Its aim is to provide a base level of guidance on the negotiation of options and leases for onshore renewable energy schemes and to prompt consideration of the issues to be taken into account by surveyors acting on behalf of landowners or developers in relation to potential schemes. |
| 520 ## - SUMMARY, ETC. | |
| Summary, etc. | Superseded by 2 ed ISBN 9781783213092 |
| 590 ## - LOCAL NOTE (RLIN) | |
| Local note | KA |
| 651 #4 - SUBJECT ADDED ENTRY--GEOGRAPHIC NAME | |
| Geographic name | United Kingdom |
| Chronological subdivision | |
| 690 ## - LOCAL SUBJECT ADDED ENTRY--TOPICAL TERM (OCLC, RLIN) | |
| Topical term or geographic name as entry element | ENVIRONMENTAL AND LAND CONSULTANCY-ENERGY |
| 856 40 - ELECTRONIC LOCATION AND ACCESS | |
| Uniform Resource Identifier | <a href="https://www.rics.org/Global/Guidance_on_negotiating_options_and_leases_for_renewable_energy_schemes_1st_edition_PGguidance_2011.pdf">https://www.rics.org/Global/Guidance_on_negotiating_options_and_leases_for_renewable_energy_schemes_1st_edition_PGguidance_2011.pdf</a> |
| Public note | View online for free at www.rics.org |
| 942 ## - ADDED ENTRY ELEMENTS (KOHA) | |
| Suppress in OPAC | 0 |
| Withdrawn status | Lost status | Source of classification or shelving scheme | Damaged status | Not for loan | Home library | Current library | Shelving location | Date acquired | Total Checkouts | Full call number | Barcode | Date last seen | Copy number | Price effective from | Koha item type |
|---|---|---|---|---|---|---|---|---|---|---|---|---|---|---|---|
| Missing from bundle | London | London | RICS Boxes | 30/08/2011 | RICS 2011/41 | 30076648 | 06/08/2019 | 1 | 06/08/2019 | Book | |||||
| Missing from bundle | London | London | RICS Boxes | 30/08/2011 | RICS 2011/41 | 30076656 | 06/08/2019 | 2 | 06/08/2019 | Book | |||||
| Missing from bundle | London | London | RICS Boxes | 30/08/2011 | RICS 2011/41 | 30076660 | 06/08/2019 | 4 | 06/08/2019 | Archive | |||||
| Dewey Decimal Classification | Virtual | Virtual | Online | 22/08/2011 | ONLINE PUBLICATION | 153723-2001 | 06/08/2019 | 1 | 06/08/2019 | Book |